000
00293nam a22001337a 4500
008
170621b xxu||||| |||| 00| 0 eng d
020
_a
9780072405989
041
_a
eng
080
_2
4TH
_a
32
100
_a
20
101
_a
SHP
245
_a
CONFLICT OF INTERESTS
_c
SPRING,J
942
_2
udc
_c
BK
999
_c
18454
_d
18454